000 00317nam a2200133Ia 4500
005 20260328104309.0
008 260328s9999||||xx |||||||||||||| ||und||
100 _aRooje, Van Pepin
245 0 _aSpacial Packaging /
_cVan Pepin Rooje
260 _bAmsterdam
300 _a437 p.
650 _aEMPAQUES
942 _cBK
999 _c10885
_d10885